Phases of capitalism and economic theory and other essays (Record no. 515679)

000 -LEADER
fixed length control field 00276nam a22000977a 4500
082 ## - DEWEY DECIMAL CLASSIFICATION NUMBER
Classification number TNC T1 D26p
100 ## - MAIN ENTRY--PERSONAL NAME
Personal name Dasgupta, A. K.
9 (RLIN) 21405
245 ## - TITLE STATEMENT
Title Phases of capitalism and economic theory and other essays
Statement of responsibility, etc by A. K. Dasgupta
260 ## - PUBLICATION, DISTRIBUTION, ETC. (IMPRINT)
Place of publication, distribution, etc Delhi
Name of publisher, distributor, etc Oxford
Date of publication, distribution, etc 1983
300 ## - PHYSICAL DESCRIPTION
Extent 167p.
Holdings
Withdrawn status Lost status Source of classification or shelving scheme Damaged status Koha normalized classification for sorting Not for loan Permanent location Current location Date acquired Full call number Barcode Date last seen Price effective from Koha item type
        TNC_T1_D26P   Indian Institute of Public Administration Indian Institute of Public Administration 2021-02-03 TNC T1 D26p GR22376 2021-02-03 2021-02-03 GR

Powered by Koha